Score 0/7 Timer 03:00
0 Plays Today
Question Answer Wrong Answers
In ‘Standard Oil Co. of New Jersey v. United States’, the United States Supreme Court declares Standard Oil to be an unreasonable monopoly under this act, and orders the company to be broken up.
1911
Sherman Antitrust Act
77.7%
Revenue Act
6.9%
Tucker Act
5.2%
Business Act
8.3%
After more than eight years of fighting, the Soviet Army begins to withdraw 115,000 troops from this country.
1988
Afghanistan
76.9%
Ukraine
12.4%
Georgia
5.2%
Japan
1.3%
This southwest American resort city is founded when 110 acres of land are auctioned off.
1905
Las Vegas
64.7%
Palm Springs
28.3%
Coronado
2.7%
Myrtle Beach
3.7%
This MLB player begins what will become a record 56-game hitting streak.
1941
Joe DiMaggio
55.6%
Babe Ruth
22.3%
Ted Williams
7.7%
Lou Gehrig
11.3%
This Walt Disney character premiers in his first cartoon, called ‘Plane Crazy’.
1928
Mickey Mouse
51.3%
Donald Duck
23.9%
Goofy
18.8%
Oswald
3.5%
The final launch of the ______ space program occurs. Astronaut Gordon Cooper becomes the first American to spend more than a day in space, and the last American to go into space alone.
1963
Mercury
37.2%
Apollo
35.1%
Gemini
22.4%
X-15 Rocket Plane
1.7%
James Puckle, a London lawyer, patents one of the world's first _____.
1718
Machine Guns
21%
Refrigerators
14.4%
Combustion Engines
22.1%
Ballpoint Pens
42.3%
Remove Ads.
Support Sporcle.
Get the best of Sporcle when you Go Orange. This ad-free experience offers more features, more stats, and more fun while also helping to support Sporcle. Thank you for becoming a member.

You're not logged in!

Compare scores with friends on all Sporcle quizzes.
OR
Log In

Show Comments

Extras

Top Quizzes Today


Score Distribution

Your Account Isn't Verified!

In order to create a playlist on Sporcle, you need to verify the email address you used during registration. Go to your Sporcle Settings to finish the process.

Report this User

Report this user for behavior that violates our Community Guidelines.

Details: